000 00287nam a22001337a 4500
008 170601b xxu||||| |||| 00| 0 eng d
020 _a9781576071946
041 _aeng
080 _a94
100 _a17
101 _aSHH
245 _aFORENSIC SCIENCE
_cTILSTONE,W.J
942 _2udc
_cBK
999 _c15469
_d15469